Cows on the runway /

Bibliographic Details
Main Author: Eddleman, Jo
Format: Book
Language:English
Published: Santa Fe, N.M. : Sleeping Fox, [1975]
Subjects:

MARC

Tag First Indicator Second Indicator Subfields
LEADER 00000cam a2200000 i 4500
001 in00000384621
005 20151011112732.0
008 750407s1975 nmua 00010aeng
010 |a  75308419  
020 |c $4.95 
035 |a (OCoLC)01324897 
035 |9 ABR8718AM 
040 |a DLC  |c DLC  |d TXA  |d UtOrBLW 
049 |a TXA1  |c [A14808471650] 
050 0 0 |a TL540.E37  |b A33 1975 
082 0 |a 629.13/092/4  |a B 
100 1 |a Eddleman, Jo. 
245 1 0 |a Cows on the runway /  |c Jo Eddleman. 
264 1 |a Santa Fe, N.M. :  |b Sleeping Fox,  |c [1975] 
300 |a 174 pages :  |b illustrations ;  |c 23 cm. 
336 |a text  |b txt  |2 rdacontent 
337 |a unmediated  |b n  |2 rdamedia 
338 |a volume  |b nc  |2 rdacarrier 
600 1 0 |a Eddleman, Jo. 
650 0 |a Air pilots  |v Biography. 
999 |a MARS 
999 f f |s 296fc0c9-3d15-3f9c-b6ab-de1ed8458ebd  |i 387a713b-5762-30d7-a5d2-8e6aaf3e148b  |t 0 
952 f f |p noncirc  |a Texas A&M University  |b College Station  |c Cushing Memorial Library & Archives  |d Cushing: Dykes (Does not check out)  |t 0  |e TL540.E37 A33 1975  |h Library of Congress classification  |i unmediated -- volume  |m A14851938101 
998 f f |a TL540.E37 A33 1975  |t 0  |l Cushing: Dykes (Does not check out)